| 000 | 00345nam a2200145Ia 4500 | ||
|---|---|---|---|
| 005 | 20251222144735.0 | ||
| 008 | 251222s9999||||xx |||||||||||||| ||spa|| | ||
| 020 | _a9972965406 | ||
| 082 | _a302.3/F58 | ||
| 100 | _aFlint, Pinkas | ||
| 245 | 0 | _aNegociación Integral: | |
| 250 | _a1ra.ed. | ||
| 264 | _bEditora JurÃdica Grijley | ||
| 942 | _cLIB | ||
| 999 |
_c18746 _d18746 |
||